000 00342nam a2200145Ia 4500
008 230917s9999||||xx |||||||||||||| ||und||
040 _e48753
_aMAIN
041 _aEnglish
082 _a823.8 H222S:G
100 _aSalter, CH
245 0 _aGood little Thomas Hardy
260 _aLondon
_bMacmillan
_c1981
300 _a200 p.
942 _cBK
999 _c225711
_d225711